000 00288nam a22001337a 4500
008 170912b xxu||||| |||| 00| 0 eng d
020 _a9780073222707
041 _aeng
080 _27 ED
_a53
100 _a43
101 _aFIZ
245 _aPHYSICS
_cTIPPENS.P.E
942 _2udc
_cBK
999 _c27257
_d27257